[Event "Oxford University op 3rd"]
[Site "Oxford"]
[Date "2003.04.27"]
[Round "5"]
[White "Savage, Ben D"]
[Black "Rose, Matthew"]
[Result "1-0"]
[WhiteElo "2182"]
[BlackElo "2223"]
[PlyCount "105"]
[EventDate "2003.04.26"]
[EventType "swiss"]
[EventRounds "5"]
[EventCountry "ENG"]
[SourceTitle "CBM 093 Extra"]
[Source "ChessBase"]
[SourceDate "2003.05.09"]
[SourceVersion "1"]
[SourceVersionDate "2003.05.09"]
[SourceQuality "1"]

1. d4 Nf6 2. Nf3 g6 3. Nc3 d5 4. Bf4 Bg7 5. e3 0-0 6. Be2 c5 7. Ne5 Nc6 8. 0-0 Bf5 9. dxc5 Ne4 10. Nxe4 Bxe4 11. Nxc6 bxc6 12. c3 Qa5 13. g4 Qxc5 14. f3 g5 15. Bxg5 Bg6 16. Qd2 e5 17. Bh4 Rfe8 18. Bf2 Rad8 19. e4 Qe7 20. exd5 e4 21. Qe3 cxd5 22. Rad1 f5 23. fxe4 fxe4 24. Bb5 Rf8 25. Qxa7 Qe6 26. Be2 Be5 27. Bd4 Bf7 28. Bxe5 Qxe5 29. Qd4 Qxd4+ 30. Rxd4 Ra8 31. a3 Rfb8 32. Rb4 Rxb4 33. axb4 Ra2 34. Rb1 Bg6 35. Kf1 e3 36. Rd1 Be4 37. b3 Rb2 38. c4 Bc2 39. Rd4 Rb1+ 40. Kg2 dxc4 41. Bxc4+ Kg7 42. Kf3 Bxb3 43. Kxe3 Bxc4 44. Rxc4 Rh1 45. Rc2 Rb1 46. Rc4 Rh1 47. b5 Rxh2 48. Rb4 Rc2 49. b6 Rc8 50. b7 Rb8 51. Ke4 Kf6 52. Kd5 Ke7 53. Kc6 1-0

[Event "BCF-chT2 0102 (4NCL)"]
[Site "Birmingham"]
[Date "2002.03.23"]
[Round "7.1"]
[White "Rose, Matthew"]
[Black "Swanson, Stephen"]
[Result "1/2-1/2"]
[WhiteElo "2219"]
[BlackElo "2271"]
[PlyCount "153"]
[EventDate "2001.09.22"]
[EventType "team"]
[EventRounds "11"]
[EventCountry "ENG"]
[SourceTitle "EXT 2003"]
[Source "ChessBase"]
[SourceDate "2002.11.25"]
[SourceVersion "1"]
[SourceVersionDate "2002.11.25"]
[SourceQuality "1"]
[WhiteTeam "Warwicks Select"]
[BlackTeam "Poisoned Pawns"]
[WhiteTeamCountry "ENG"]
[BlackTeamCountry "ENG"]

1. e4 g6 2. d4 Bg7 3. Nc3 d6 4. Be3 a6 5. Qd2 Nd7 6. Nf3 b5 7. a4 b4 8. Ne2 a5 9. c3 Ngf6 10. Ng3 Bb7 11. Bd3 bxc3 12. bxc3 0-0 13. h3 e5 14. 0-0 Re8 15. d5 Qe7 16. Rab1 Bxd5 17. exd5 e4 18. Nd4 exd3 19. Nc6 Qf8 20. Qxd3 h5 21. c4 h4 22. Ne2 Ne4 23. Ned4 Ndc5 24. Qc2 f5 25. Nb5 Qf7 26. Rfe1 Kh7 27. f3 Ng3 28. Bg5 f4 29. Bxh4 Nf5 30. Bf2 Ne3 31. Bxe3 fxe3 32. Nc3 Bh6 33. Ne2 Qf6 34. Rf1 Qf5 35. Qxf5 gxf5 36. Ncd4 f4 37. Nf5 Rf8 38. Nxh6 Kxh6 39. g3 fxg3 40. Kg2 Nxa4 41. Rb3 Rae8 42. Nxg3 Nb6 43. Rc3 Rf4 44. Ne4 Rg8+ 45. Kh2 Rg7 46. Rxe3 Nxc4 47. Rc3 Ne5 48. Ra3 Rgf7 49. Kg2 Nc4 50. Rc3 Nb6 51. Rd1 R4f5 52. Rcd3 Rg7+ 53. Ng3 Rf4 54. Kf2 Rgf7 55. Ne2 Rb4 56. f4 a4 57. Rg1 Rb3 58. Rgg3 Rb5 59. Rg5 Rb3 60. Rd1 Rxf4+ 61. Nxf4 Kxg5 62. Ne6+ Kf6 63. Nxc7 Rxh3 64. Ke2 Ke5 65. Rb1 Rb3 66. Rh1 a3 67. Kd2 Rg3 68. Kc2 Kd4 69. Nb5+ Kc5 70. Nc3 Re3 71. Ra1 Nc4 72. Kb3 Rh3 73. Rc1 Rd3 74. Rc2 Ne3 75. Rd2 a2 76. Rxd3 a1Q 77. Rxe3 1/2-1/2